01047nam a22002537a 450000500170000001000150001702000270003203500130005903700130007208200110008510000170009624500840011326000350019727000460023230000200027850001540029850000190045261000240047165000310049571001010052694200250062799900170065295201240066920160122094615.0 aENG-114453 c595.00 a9789380755229 aEN-97985 bDBAD/PUB a954.52 aAscoli, F.D. aEarly revenue of history of Bengal and the fifth report, 1812 /cby F.D. Ascoli aKolkatabAruna Prakashanc2012 a2, Kalidas Singha Lane bKolkatae700009 a272p.c22cm(Hb) a "Copy of the fifth report from the Select Committee of the House of Commons on the affairs of the East India Company, 28th July 1812": pages 85-261. aIncludes index aEast India Company. aRevenue zIndia zBengal. a Great Britain. bParliament.bHouse of Commons. bSelect Committee on the East India Company. 2ddccENmASCh954.52 c98049d98049 001040718NFICaDBADbDBADd2015-10-30eDBAD/PUBg595.00l0o954.52 ASCpEN-97985r2015-10-30 00:00:00t1v595.00yEN